Escudos mal dibujadas #1 - Estadísticas

Estadísticas generales
  • Esta prueba ha sido intentada 81 veces
  • La puntuación promedio es 14 de 15
Estadísticas de respuestas
Imagen Respuesta % Correcto
Barcelona
100%
París Saint-Germain
100%
Real Madrid
100%
Juventus
99%
AC Milán
97%
Arsenal
97%
Borussia Dortmund
97%
Bayern Munich
95%
Inter Milán
95%
Crvena Zvezda
88%
Olympiacos
88%
Porto
88%
AS Monaco
87%
Aston Villa
87%
Olympique Marseille
69%
No se encontraron pruebas coincidentes
Distribución de puntuación
Porcentaje de gente con cada puntuación
Porcentaje por número respondido
Historial de tus puntuaciones
No has intentado esta prueba.